00555cam a22002171 4500001001300000003000400013005001700017008004100034010001700075035002000092040002500112042001200137050001800149100001800167245004400185260001100229300002600240500001600266600003800282999001700320sa 68010816 DLC20260227112555.0890908s1968 xx 000 0 pan  asa 68010816  a(OCoLC)23571284 aDLCcMiUdOCoLCdDLC apremarc00aDS481.K25bT51 aTiwari, V. N.10aSaradāra: Paratāpa Sin̊gha Kairom. c[1968] a96 p.billus.c18 cm. aIn Panjabi.10aKairon, Partap Singh,d1901-1965. c83568d83568